000 00327nam a22001337a 4500
005 20250313161042.0
008 250313b |||||||| |||| 00| 0 eng d
020 _a978-1-5290-5305-0
050 _aPZ 83.S34
100 _aSCHEFFLER AXEL
245 _aKATIE THE KITTEN
260 _aNEWYORK
_bCAMPBELL BOOKS
942 _2lcc
_cBK
999 _c215073
_d215073